000
00356nam a2200169Ia 4500
100
_a
Steinmetz/Ralf/ Nahrstedt/Klara
650
_a
Multimedia
942
_c
RB
366
_f
25
654
_a
multimedia
245
_a
Multimedia applications
260
_b
Springer
_c
2004
082
_a
5.133
_b
STE
300
_a
245
546
_a
ENGLISH
999
_c
26298
_d
26298